000 00304nam a2200133Ia 4500
008 191201s2011 xx 000 0 und d
100 _aKUTTI, N S
245 0 _aData structures in C++
250 _aRep
260 _aNew Delhi
_bPHI
_c2011
300 _a207
650 _aM.Tech(CSE)
942 _2ddc
_cBK
_04
999 _c5981
_d5981